000 00215 a2200097 4500
001 46070
100 _aRobson W
245 _aGreat cities of the world
260 _aLondon
_bGeorge Allen
_c
090 _c29172
_d29172
942 _aNUST-CAE
_cM
_c21305
999 _c281143
_d281143